000 00396pab a2200169 454500
008 180718b2014 xxu||||| |||| 00| 0 eng d
100 _aPrasad, Rohit
245 _aThe economics of net neutrality
260 _c2014
300 _ap.52-58.
362 _a19 Apr
650 _aInternet
700 _aSridhar, V.
773 _aEconomic and Political Weekly
908 _aN
909 _a103620
999 _c103616
_d103616